Dekódovanie náhodného lineárneho kódu pomocou vylepšeného Sternovho algoritmu

Saved in:
Bibliographic Details
Main Author: Furičková, Nikoleta (Author)
Other Authors: Fabšič, Tomáš (Thesis advisor)
Format: Manuscript Book
Language:Slovak
Published: Bratislava : STU v Bratislave FEI, 2021
Subjects:
Online Access:https://opac.crzp.sk/?fn=detailBiblioForm&sid=7E417B54B864B7C45D25FE4635AB&seo=CRZP-detail-kniha
Tags: Add Tag
No Tags, Be the first to tag this record!

MARC

LEADER 00000ntm a22000003a 4500
001 stuzp77453
003 SK-STU
005 20211207143659.2
007 ta
008 150427s2015----xo-----f-mn---000-0-slo-d
040 |a STU  |b slo 
041 0 |a slo 
044 |a xo 
100 1 |a Furičková, Nikoleta  |u 035000  |4 aut  |U FEI Fakulta elektrotechniky a informatiky  |T FEI Ústav informatiky a matematiky  |X 80742  |U E050  |Y 816  |7 80742 
242 0 1 |a Decoding a random linear code using an improved version of Stern's algorithm  |y eng 
245 1 0 |a Dekódovanie náhodného lineárneho kódu pomocou vylepšeného Sternovho algoritmu 
260 |a Bratislava :  |b STU v Bratislave FEI,  |c 2021 
300 |a 75 s., príl. 
650 4 |a dekódovanie  |2 slo 
650 4 |a náhodný lineárny kód  |2 slo 
650 4 |a Johansson-Löndahl algoritmus  |2 slo 
650 4 |a random linear code  |2 eng 
650 4 |a Johansson-Löndahl algorithm  |2 eng 
650 4 |a decoding  |2 eng 
700 1 |a Fabšič, Tomáš  |u 035000  |k Z1  |4 ths  |U FEI Fakulta elektrotechniky a informatiky  |T FEI Ústav informatiky a matematiky  |X 63826  |U E050  |Y 816  |7 63826 
856 4 |u https://opac.crzp.sk/?fn=detailBiblioForm&sid=7E417B54B864B7C45D25FE4635AB&seo=CRZP-detail-kniha